Performance money (Record no. 81902)

MARC details
000 -LEADER
fixed length control field 00906cab a22002175a 4500
001 - CONTROL NUMBER
control field L148595
008 - FIXED-LENGTH DATA ELEMENTS--GENERAL INFORMATION
fixed length control field 091008e20090919xxk 000 0 eng d
035 ## - SYSTEM CONTROL NUMBER
System control number (Sirsi) u148595
041 0# - LANGUAGE CODE
Language code of text/sound track or separate title eng
100 1# - MAIN ENTRY--PERSONAL NAME
Personal name Bijlani, Charlotte
245 00 - TITLE STATEMENT
Title Performance money
260 ## - PUBLICATION, DISTRIBUTION, ETC.
Date of publication, distribution, etc. 2009
490 ## - SERIES STATEMENT
Series statement Estates Gazette
Volume/sequential designation (0937) 19 September 2009, 100-101(2)
520 ## - SUMMARY, ETC.
Summary, etc. Increasing number of disputes over performance and completion of property contracts between September 2008 and September 2009. Defines the term breach of contract, risks and difficulties, failure to complete and notices to complete. Outlines strategies and tactics available to contracting parties. Refers to case law.
590 ## - LOCAL NOTE (RLIN)
Local note KA
650 24 - SUBJECT ADDED ENTRY--TOPICAL TERM
Topical term or geographic name entry element YEWBELLE LTD V LONDON GREEN DEVELOPMENTS LTD
650 24 - SUBJECT ADDED ENTRY--TOPICAL TERM
Topical term or geographic name entry element HONG KONG FIR SHIPPING CO LTD V KAWASAKI KISEN KAISHA LTD
651 #4 - SUBJECT ADDED ENTRY--GEOGRAPHIC NAME
Geographic name United Kingdom
Chronological subdivision
690 ## - LOCAL SUBJECT ADDED ENTRY--TOPICAL TERM (OCLC, RLIN)
Topical term or geographic name as entry element PROPERTY
942 ## - ADDED ENTRY ELEMENTS (KOHA)
Suppress in OPAC 0
Holdings
Withdrawn status Lost status Source of classification or shelving scheme Damaged status Not for loan Home library Current library Shelving location Date acquired Total Checkouts Full call number Barcode Date last seen Copy number Price effective from Koha item type
    Dewey Decimal Classification     London London Journal article 08/10/2009   L148595 148595-1001 06/08/2019 1 06/08/2019 Journal article